000 01235nam a22003377a 4500
003 OSt
005 20170518103402.0
008 170314b xxu||||| |||| 00| 0 eng d
010 _a 89163981
020 _a0774712899
020 _a0774712678 (student's ed.)
040 _aMMU
_cMMU
_dMMU
_beng.
050 0 0 _aPR2827.A2
_bL35 1988
082 0 0 _a822.3/3
_220
100 1 _aShakespeare, William,
_d1564-1616.
245 1 2 _aA midsummer night's dream :
_bteacher's guide /
_cseries editor, Ken Roy ; contributing author, Harriet Law ; notes for A Midsummer night's dream [and edited by] Harriet Law.
260 _aToronto ;
_aOrlando, Fla. :
_bHarcourt Brace Jovanovich, Canada,
_cc1988.
300 _a38, 184 p. :
_bill. ;
_c23 cm.
440 0 _aHBJ Shakespeare
504 _aIncludes bibliographical references.
600 1 0 _aShakespeare, William,
_d1564-1616
_xStudy and teaching.
650 0 _aCourtship
_xDrama.
651 0 _aAthens (Greece)
_xDrama.
655 7 _aFairy plays.
_2lcsh
655 7 _aComedies.
_2gsafd
700 1 _aRoy, Kenneth.
700 1 _aLaw, Harriet,
_d1931-
906 _a7
_bcbc
_corignew
_d3
_encip
_f19
_gy-gencatlg
942 _2lcc
_cLOAN LOAN
999 _c24613
_d24613